Statistics for Top 10 Countries with the Most in the 23-24 Ligue 1

Click here to take the quiz!

General Stats

  • This quiz has been taken 33 times
  • The average score is 7 of 10

Answer Stats

#Country% Correct
191France
100%
11Spain
90%
16Brazil
80%
16Morocco
80%
12Algeria
73%
22Senegal
70%
19Ivory Coast
63%
12Cameroon
57%
10Mali
53%
11Switzerland
53%

Score Distribution

Percentile by Number Answered

Percent of People with Each Score

Your Score History

You have not taken this quiz